000 01247nam a2200301 i 4500
003 EG-GICUC
005 20260130165553.0
008 260130s2009 ua ||||fr|||| 00| 0 ara d
040 _a EG-GICUC
_bara
_c EG-GICUC
_d EG-GICUC
_erda
041 0 _aara
082 0 4 _221
_a342٫15212
_bع ب . د
092 0 4 _221
099 _aLaw1 08 342٫15212 ع ب . د 2009
100 0 _aعبير حسين السيد حسين
_eمؤلف.
245 1 0 _aدور القاضي الدستورى في الرقابة على السلطة التقديرية للمشرع /
_cدكتورة عبير حسين السيد حسين.
264 1 _aالقاهرة :
_bدار النهضة العربية،
_c2009.
300 _a545 صفحة؛
_c24 سم.
336 _2rda content
_atext
337 _2rda media
_aComputer
338 _2rda carrier
_aOnline Resource
504 _a541-523ببليوجرافيا: صفحات.
546 _aالنص أغلبه باللغة العربية مع بعض النصوص الفرنسية
650 1 4 _aالرقابة القضائية على دستورية القوانين
650 1 4 _aالقانون الدستوري
856 4 0 _uhttps://fll.law.cu.edu.eg/fulltext/bks/B08-02035.pdf
905 _a32
942 _2ddc
_cBK
_e21
_n0
999 _c60108
_d60108